| 000 | 00937nam a2200349Ia 4500 | ||
|---|---|---|---|
| 005 | 20260514124331.0 | ||
| 008 | 008 261405s9999 xx 000 0 eng d | ||
| 037 | _aThesis | ||
| 040 | _aCRL | ||
| 040 | _beng | ||
| 040 | _cCRL | ||
| 041 | _2eng | ||
| 041 | _aeng | ||
| 084 | _qCRL | ||
| 100 |
_aSaha Dr. Ranita _91239385 |
||
| 245 | 0 | _aEaluation of Endocervical Canal By Endocervical Curettage and Endocervical Brush Cytology in Patients Referred for Colposcopy. | |
| 260 | _aDelhi | ||
| 260 | _bUniversity of Delhi | ||
| 260 | _c2016 | ||
| 300 | _a84p. | ||
| 502 | _bPh.D. | ||
| 502 | _cUniversity of Delhi | ||
| 502 | _d2016 | ||
| 541 | _oThesis | ||
| 650 | _aObstetrics & Gynecology | ||
| 700 |
_aDr.Gauri Gandhi, _91239386 |
||
| 700 |
_aKrishna Agarwal _91239387 |
||
| 700 |
_aShyama Jain _91239388 |
||
| 710 |
_aObstetrics & Gynecology _91239374 |
||
| 942 | _cTH | ||
| 999 |
_c1851679 _d1851679 |
||